Statistics for Comoros Quiz

Click here to take the quiz!

General Stats

  • This quiz has been taken 42 times
  • The average score is 4 of 7

Answer Stats

HintAnswer% Correct
CapitalMoroni
100%
CurrencyFranc
70%
Third largest islandMwali
55%
Second largest islandAnjouan
45%
Above is on what island?Grand Comore
45%
Highest PointMount Karthala
45%
Second largest cityMoutsamoudou
25%

Score Distribution

Percentile by Number Answered

Percent of People with Each Score

Your Score History

You have not taken this quiz